| 000 | 00737nam a2200193 i 4500 | ||
|---|---|---|---|
| 001 | 155530 | ||
| 003 | ES-MaACL | ||
| 005 | 20230906210120.0 | ||
| 008 | 990310s1862 fr |||| | fre d | ||
| 100 | 1 |
_aHomberg, Th. _9128017 |
|
| 245 | 1 | 0 |
_aDe la répression du vagabondage / _cpar M. Th. Homberg. |
| 260 |
_aParis : _bAuguste Durand ; _aRouen : _bLebrument, _c1862 ( _eOrléans : _fImp. Ernest Colas) |
||
| 300 |
_a[2], 151 p. ; _c22 cm. |
||
| 594 | _aEn port.: "Mémoire lu a l'Académie des Sciences Morales et Politiques" | ||
| 597 | _aAntep. | ||
| 650 | 4 |
_aVagancia (Derecho) _9167522 |
|
| 710 | 2 |
_aAcadémie des sciences morales et politiques (Francia) _91232 |
|
| 852 |
_aES-MaACL _jD-211 _z- Enc. hol. _z. - Donativo Lastres |
||
| 999 |
_c155530 _d155530 |
||